Les meilleurs joueurs sur FIFA 08 - Statistiques

Statistiques générales
  • Ce quiz a été pris 415 fois
    287 depuis la dernière actualisation
  • Le résultat moyen est 10 sur 22
Statistiques - réponses
Note Joueurs Club % Correct
91 Cristiano Ronaldo Manchester United
95%
91 Ronaldinho FC Barcelone
86%
90 Wayne Rooney Manchester United
76%
90 Kaká AC Milan
74%
89 Samuel Eto'o FC Barcelone
72%
90 Thierry Henry FC Barcelone
70%
91 Gianluigi Buffon Juventus
69%
88 Andrea Pirlo AC Milan
63%
88 Steven Gerrard Liverpool
61%
88 Carles Puyol FC Barcelone
60%
88 David Villa FC Valence
48%
90 John Terry Chelsea
46%
88 Iker Casillas Real Madrid
38%
90 Alessandro Nesta AC Milan
37%
89 Petr Čech Chelsea
35%
88 Cris Lyon
25%
88 Michaël Essien Chelsea
24%
88 David Trezeguet Juventus
21%
88 Diego Werder Brême
15%
88 Zé Roberto Bayern Munich
8%
89 Hans de Noteboom Pays-Bas
1%
88 Marcelo José Bordon Schalke 04
1%
Aucun quiz correspondant
Distribution des résultats
% des personnes avec chaque résultat
Percentile par nombre de réponses
Votre historique - résultats
Vous n’avez pas pris ce quiz depuis la dernière actualisation